Normale Ansicht MARC-Ansicht ISBD

Eliten in Deutschland und Frankreich im 19. und 20. Jahrhundert. (Titelsatznr. 44081)

[ MARC ]
MARC-Details
000 -Satzkennung
Kontrollfeld mit fester Länge 00577nam a22001811cc4500
001 - Kontrollnummer
Kontrollfeld a987665625+Band2
003 - Kontrollnummer Identifier
Kontrollfeld RU-10907106
005 - Datum und Zeit der letzten Transaktion
Kontrollfeld 20230124181938.0
008 - Feld mit fester Länge zur physischen Beschreibung - Allgemeine Angaben
Kontrollfeld mit fester Länge 170707s2006 gw |||| 000u ger d
035 ## - Systemkontrollnummer
System-Kontrollnummer a987665625
040 ## - Katalogisierungsquelle
Übertragungsstelle RU-10907106
245 00 - Titel
Titel Eliten in Deutschland und Frankreich im 19. und 20. Jahrhundert.
Zählung des Teils/der Abteilung eines Werkes Band 2
246 12 - Titelvarianten
Hauptsachtitel/Kurztitel Eliten in Deutschland und Frankreich im 19. und 20. Jahrhundert : Strukturen und Beziehungen
Zählung des Teils/der Abteilung eines Werkes Band 2
264 ## - Produktion, Veröffentlichung, Distribution, Herstellung und Urheberrechtsvermerk
Herstellungs-, Veröffentlichungs- Vertriebs-, Erzeugungsort München :
Produzent, Herausgeber, Distributor, Hersteller Oldenbourg,
Datum der Herstellung, der Veröffentlichung, des Vertriebs oder des Urheberschutzvermerks 2006
300 ## - Physische Beschreibung
Umfang 200 S.
773 08 - Übergeordnete Einheit
Datensatzkontrollnummer a987665625
Zählung und erste Seite Band2
942 ## - Zusätzliche Felder (Koha)
Koha-Medientyp Monographien
Klassifikation oder Aufstellungssystematik Andere/Generische Klassifikation
Exemplare
Ausgeschieden Verloren Klassifikation oder Aufstellungssystematik Beschädigt Nicht entleihbar Heimatbibliothek Aufenthaltsbibliothek Aufstellungsort Erwerbungsdatum Inventarnummer Signatur Barcode Letzte Aktivität Preis gültig von Koha-Medientyp
    Andere/Generische Klassifikation     MWN Osteuropa MWN Osteuropa Lesesaal - 1 07/07/2017 11-00255 D 40 f Dup 1 (2) E0040150790E80F4 22/03/2021 22/03/2021 Monographien